Management training : Cases and principles /

保存先:
書誌詳細
第一著者: Mclarney, William J.
フォーマット: Sách giấy
言語:English
出版事項: Illinois : Richard D. Irwin, 1959.
版:3rd ed.
タグ: タグ追加
タグなし, このレコードへの初めてのタグを付けませんか!
Thư viện lưu trữ: Thư viện Trường Đại học Đà Lạt
LEADER 00695nam a2200301 4500
001 DLU180186847
005 ##20180907
040 # # |a DLU  |b eng 
041 # # |a eng 
044 # # |a us 
082 # # |a 658  |b MC-W 
100 # # |a Mclarney, William J. 
245 # # |a Management training :  |b Cases and principles /  |c William J. Mclarney. 
250 # # |a 3rd ed. 
260 # # |a Illinois :  |b Richard D. Irwin,  |c 1959. 
300 # # |a xxi, 534 p. ;  |c 24 cm. 
923 # # |a 100/2010 
991 # # |a SH 
992 # # |a 0 
993 # # |a 1959 
994 # # |a DLU 
900 # # |a True 
911 # # |a Nguyễn Thanh Hương 
925 # # |a G 
926 # # |a A 
927 # # |a SH 
980 # # |a Thư viện Trường Đại học Đà Lạt